A propos d'un village oublié
roman
| Auteur principal : | Véronique Mougin |
|---|---|
| Titre : | A propos d'un village oublié |
| Support : | Livres |
| Langue : | Francais |
| Publié : |
DL 2025 Flammarion Paris |
| Genre : |
Roman |
| Sujets : | |
| Étiquettes : |
Pas de tags
|
| LEADER | 01584nam0a2200193 450 | ||
|---|---|---|---|
| 001 | 16867869 | ||
| 010 | |a 978-2-08-046755-3 |b br. |d 20 | ||
| 100 | |a 20260310d2026 u u0frey01 ba | ||
| 101 | 0 | |a fre | |
| 102 | |a FR | ||
| 200 | 0 | |a A propos d'un village oublié |e roman |f Véronique Mougin | |
| 207 | 1 | |a | |
| 210 | |a Paris |b 26 rue Racine. |c Flammarion |d DL 2025 | ||
| 215 | |a 1 vol. (195 p.) |d 21 cm | ||
| 330 | |a Oh, ce ne fut pas grand-chose, presque rien, à les entendre. Quand la traque commença, en 1940, les habitants de Mirabelle firent ce quils purent pour aider Marguerite Stzurmpf. Pas grand-chose : une place au chaud dans le grenier et une assiette en plus, ni vu ni connu. Presque rien : un berceau pour son enfant, un coup de main pour les faux papiers, bouche cousue. Ce sont, en vérité, de précieux éclats de bonté que partage Véronique Mougin dans ce roman, mettant en scène les anonymes qui permirent à sa grand-mère déchapper à la déportation. « Mes voisines, et le pasteur bien sûr, le fermier, plus la secrétaire de mairie... Dis donc, chérinette, tu réussiras à caser tous mes Justes, dans ton bouquin ? » On laura compris : il arrivera quau fil des pages retraçant son sauvetage Marguerite elle-même ajoute son grain de sel, malicieuse et têtue, mais après tout cest son histoire, et y a-t-il jamais trop de mots pour dire le courage et la gratitude ? | ||
| 700 | 0 | |a Mougin |b Véronique |f 1977-.... |4 70 | |
| 900 | |a Roman | ||
| 901 | |a Adultes | ||
| 995 | |a Médiathèque |c Médiathèque |f 089021776 |h 089021776 |k R MOU |o p |q a |r az |e Médiathèque | ||